000 00257nam a22001217a 4500
008 170919b xxu||||| |||| 00| 0 eng d
041 _aeng
080 _a7
100 _a44
101 _aART
245 _aSELECTED DRAWINGS
_cBEARDSLEY, A
942 _2udc
_cBK
999 _c28197
_d28197